000 01014nam a22002777a 4500
001 BR8405318
003 BR-BrBNA
005 20230928092031.0
007 ta
008 230509b bl.||||| |||| 00| 0 por d
040 _aBR-BrBNA
_bpor
_cBiblioteca Nacional de Agricultura
041 _a(Por)
072 _aL73
_b5214
_b4110
_b/G362
090 _ 5214 BR8405318
100 1 _aRodriguez Salas, E.
110 1 _aUniversidade Federal de Minas Gerais, Belo Horizonte (Brasil). Escola de Veterinaria
_0Tese (Mestrado)
245 1 _aInfeccao leptospirica na Republica do Panama - frequencia de aglutininas anti-leptospira sp. no rebanho bovino leiteiro, em grupos ocupacionais e em amostras obtidas em bancos de sangue e laboratorios de pesquisa clinica
260 3 _aBelo Horizonte, MG (Brasil):
_c1984.
300 _a63 p.
500 _a47 ref.; Summary (Por); 11 tables
650 _aGADO LEITEIRO
650 _aINFECCAO
650 _aLEPTOSPIROSE
909 _a202309
_bLucia
_c55
_dLucia Elande
942 _cBK
999 _c36808
_d36808